Introducción a la política

I tiakina i:
Ngā taipitopito rārangi puna kōrero
Kaituhi matua: Duverger, Maurice (Author)
Hōputu: Pukapuka
Reo:Pāniora
I whakaputaina: Barcelona Ariel 1970
Putanga:3a. ed
Rangatū:Demos. Biblioteca de Ciencias Políticas
Ngā marau:
Ngā Tūtohu: Tāpirihia he Tūtohu
Kāore He Tūtohu, Me noho koe te mea tuatahi ki te tūtohu i tēnei pūkete!

MARC

LEADER 00000nam a2200000 a 4500
001 UCS8380
003 CL-VaPUC
008 971031e19700000SP |||||||||||||||||spa|d
082 0 4 |a 320.01  |b DUV  |2 21 
100 0 |a Duverger, Maurice  |e author  |9 393205 
245 1 0 |a Introducción a la política 
250 |a 3a. ed 
300 |a 281 p 
942 |c BK 
945 |d 19971031 00:00:00  |a aolguin 
260 |a Barcelona  |b Ariel  |c 1970 
650 7 |a TEORIA POLITICA  |2 CL-VaPUC  |9 393206 
650 0 |a Política  |9 255312 
650 0 |a Antropología política  |9 393207 
650 0 |a Sociedad  |9 307903 
650 7 |a LUCHA SOCIAL  |2 CL-VaPUC  |9 393208 
583 |a last modification  |c 19971031 00:00:00  |k Rodrigo Vera 
490 0 |a Demos. Biblioteca de Ciencias Políticas 
999 |c 262811  |d 262809 
952 |0 0  |1 0  |4 0  |6 320_010000000000000_DUV_1970  |7 0  |8 DER_TF  |9 291707  |a BIBDER  |b BIBDER  |d 2019-11-19  |i 1889796  |o 320.01 DUV 1970  |p 1889796  |r 2023-01-25  |w 2019-11-19  |x Ubicación 4to Piso  |y BK  |z Estos recursos deben solicitarse con anticipación  |k DER